|
|
|
|
| LEADER |
00000nam a2200000 a 4500 |
| 001 |
vtls010567245 |
| 003 |
SK-MaSNL |
| 005 |
20260301142811.0 |
| 007 |
co cg auuua |
| 008 |
160429s2013 xo | fs 000 0 slo |
| 015 |
|
|
|a SNBS2015
|
| 020 |
|
|
|a 9788022536523 (elektronická kniha)
|
| 040 |
|
|
|a SNK
|b slo
|c SNK
|e AACR2
|
| 041 |
0 |
|
|a slo
|a eng
|
| 044 |
|
|
|a xo
|c SK
|
| 072 |
|
7 |
|a 339
|x Obchod
|2 konspekt
|
| 072 |
|
7 |
|a 33
|x Ekonómia
|2 konspekt
|
| 080 |
|
|
|a 658.8
|2 2001
|
| 080 |
|
|
|a 339.138
|2 2001
|
| 080 |
|
|
|a [330.567.2+338.3]:502.1
|2 2001
|
| 080 |
|
|
|a (0.034.44)
|2 2001
|
| 080 |
|
|
|a (082)
|2 2001
|
| 245 |
0 |
0 |
|a Udržateľný marketing a udržateľná spotreba III
|h elektronický zdroj
|b zborník vedeckých statí
|c [vedúca riešiteľského kolektívu] Dana Vokounová a kol.
|
| 246 |
3 |
1 |
|a Sustainable marketing and sustainable consumption III
|b scientific papers
|
| 260 |
|
|
|a Bratislava
|b Ekonóm
|c 2013
|
| 300 |
|
|
|a 1 elektronický optický disk (CD-ROM)
|b fareb.
|c 12 cm
|
| 500 |
|
|
|a Názov z titulnej obrazovky
|
| 504 |
|
|
|a Bibliogr. odkazy
|
| 516 |
|
|
|a Textový dokument (zborník), súbor vo formáte pdf
|
| 536 |
|
|
|a Projekt VEGA č. 1/0418/11 Udržateľný marketing a udržateľná spotreba
|
| 538 |
|
|
|a Technické požiadavky: PDF prehliadač
|
| 546 |
|
|
|a Text čiast. aj angl.
|
| 650 |
0 |
7 |
|a marketing
|2 SNKPH
|9 2299
|
| 650 |
0 |
7 |
|a udržateľná spotreba a výroba
|2 SNKPH
|9 151184
|
| 650 |
0 |
7 |
|a Sustainable consumption and production
|2 SNKPHeng
|9 155395
|
| 655 |
|
7 |
|a elektronické zdroje
|2 SNKPH
|9 90954
|
| 655 |
|
7 |
|a CD-ROM
|2 SNKPH
|9 70236
|
| 655 |
|
7 |
|a zborníky
|2 SNKPH
|9 70165
|
| 655 |
|
7 |
|a Papers of several authors
|2 SNKPHeng
|9 153738
|
| 655 |
|
7 |
|a Electronic resources
|2 SNKPHeng
|9 175546
|
| 700 |
1 |
|
|a Vokounová, Dana,
|d 1962-
|4 aut
|9 216475
|
| 919 |
|
|
|a 978-80-225-3652-3
|
| 958 |
|
|
|a NB
|
| 999 |
|
|
|c 771527
|d 773457
|
| 952 |
|
|
|a SNK
|b SNK
|y PREZ
|7 0
|p 17A1101611
|o snkSCDM 6131
|i snk2014/169
|8 0
|0 0
|1 0
|4 0
|d 2014-01-03
|l 0
|r 2026-02-24 00:37:09
|w 2026-02-24
|
| 952 |
|
|
|t snkUDR 339.138
|a SNKMST
|b SNKMST
|y PREZ
|7 0
|p 17A1101610
|o snkSCDM 6131 D1
|i snk2014/170
|8 0
|0 0
|1 0
|4 0
|d 2014-01-03
|l 0
|r 2025-08-13 00:00:00
|w 2026-02-24
|